000
00233nam a2200097Ia 4500
005
20251222114405.0
008
251222s1900||||xx |||||||||||||| ||spa||
082
_a
DVD0099/B24
245
0
_a
Mesopotamia: historia del hombre:
942
_c
DVD
999
_c
1791
_d
1791